Statistics for Stanley Cup Matchups

Click here to take the quiz!

General Stats

  • This quiz has been taken 16 times
  • The average score is 132 of 188

Answer Stats

HintWinner% Correct
2013Blackhawks
100%
2015Blackhawks
100%
2010Blackhawks
100%
2019Blues
100%
2019Bruins
100%
2011Bruins
100%
2021Canadiens
100%
2011Canucks
100%
2006Hurricanes
100%
2014Kings
100%
2012Kings
100%
2020Lightning
100%
2021Lightning
100%
2008Penguins
100%
2009Penguins
100%
2017Penguins
100%
2016Penguins
100%
2014Rangers
100%
2009Red Wings
100%
2008Red Wings
100%
2016Sharks
100%
2020Stars
100%
2001Avalanche
83%
1996Avalanche
83%
1988Bruins
83%
2013Bruins
83%
1990Bruins
83%
1976Canadiens
83%
1977Canadiens
83%
1978Canadiens
83%
1979Canadiens
83%
1986Canadiens
83%
1993Canadiens
83%
2018Capitals
83%
1995Devils
83%
2000Devils
83%
2007Ducks
83%
1989Flames
83%
1986Flames
83%
1987Flyers
83%
2010Flyers
83%
1975Flyers
83%
1974Flyers
83%
2018Golden Knights
83%
1983Islanders
83%
1982Islanders
83%
1981Islanders
83%
1980Islanders
83%
2015Lightning
83%
2004Lightning
83%
1991North Stars
83%
1981North Stars
83%
1990Oilers
83%
1984Oilers
83%
1985Oilers
83%
1987Oilers
83%
1988Oilers
83%
1996Panthers
83%
1991Penguins
83%
1992Penguins
83%
1994Rangers
83%
1995Red Wings
83%
1997Red Wings
83%
1998Red Wings
83%
1999Sabres
83%
1999Stars
83%
1961Black Hawks
67%
1965Black Hawks
67%
1938Black Hawks
67%
1944Black Hawks
67%
1962Black Hawks
67%
1969Blues
67%
1970Blues
67%
1968Blues
67%
1970Bruins
67%
1972Bruins
67%
1939Bruins
67%
1958Bruins
67%
1957Bruins
67%
1941Bruins
67%
1989Canadiens
67%
1967Canadiens
67%
1955Canadiens
67%
1954Canadiens
67%
1952Canadiens
67%
1951Canadiens
67%
1947Canadiens
67%
1973Canadiens
67%
1971Canadiens
67%
1944Canadiens
67%
1953Canadiens
67%
1946Canadiens
67%
1968Canadiens
67%
1965Canadiens
67%
1969Canadiens
67%
1966Canadiens
67%
1956Canadiens
67%
1957Canadiens
67%
1958Canadiens
67%
1959Canadiens
67%
1960Canadiens
67%
1994Canucks
67%
1982Canucks
67%
1998Capitals
67%
2001Devils
67%
2003Devils
67%
2012Devils
67%
2004Flames
67%
1985Flyers
67%
1976Flyers
67%
1984Islanders
67%
1949Maple Leafs
67%
1951Maple Leafs
67%
1959Maple Leafs
67%
1964Maple Leafs
67%
1963Maple Leafs
67%
1962Maple Leafs
67%
1960Maple Leafs
67%
1948Maple Leafs
67%
1945Maple Leafs
67%
1939Maple Leafs
67%
1967Maple Leafs
67%
1942Maple Leafs
67%
1940Maple Leafs
67%
1947Maple Leafs
67%
2006Oilers
67%
1983Oilers
67%
1940Rangers
67%
1979Rangers
67%
1948Red Wings
67%
1956Red Wings
67%
1941Red Wings
67%
1942Red Wings
67%
1955Red Wings
67%
1964Red Wings
67%
1963Red Wings
67%
1954Red Wings
67%
1945Red Wings
67%
1952Red Wings
67%
1961Red Wings
67%
1966Red Wings
67%
1949Red Wings
67%
1943Red Wings
67%
1950Red Wings
67%
2002Red Wings
67%
1975Sabres
67%
2000Stars
67%
1931Black Hawks
50%
1992Blackhawks
50%
1971Black Hawks
50%
1934Black Hawks
50%
1973Black Hawks
50%
1943Bruins
50%
1953Bruins
50%
1946Bruins
50%
1927Bruins
50%
1974Bruins
50%
1978Bruins
50%
1929Bruins
50%
1977Bruins
50%
1931Canadiens
50%
1930Canadiens
50%
1993Kings
50%
1932Maple Leafs
50%
1935Maple Leafs
50%
1936Maple Leafs
50%
1938Maple Leafs
50%
1933Maple Leafs
50%
1928Maroons
50%
1935Maroons
50%
2003Mighty Ducks
50%
2017Predators
50%
1928Rangers
50%
1972Rangers
50%
1950Rangers
50%
1933Rangers
50%
1936Red Wings
50%
1937Red Wings
50%
1934Red Wings
50%
1927Senators
50%
2007Senators
50%
1930Bruins
33%
1997Flyers
33%
1980Flyers
33%
2002Hurricanes
33%
1937Rangers
33%
1932Rangers
33%
1929Rangers
33%

Score Distribution

Percentile by Number Answered

Percent of People with Each Score

Your Score History

You have not taken this quiz